Clubs de Serie A (2024-2025) - Statistiques

Statistiques générales
  • Ce quiz a été pris 148 fois
  • Le résultat moyen est 14 sur 20
Statistiques - réponses
Serie A % Correct
AC Milan
100%
Inter Milan
100%
Juventus
100%
AS Rome
96%
Naples
93%
Lazio
86%
Fiorentina
83%
Atalanta Bergame
79%
Torino
73%
Bologne
70%
Genoa
67%
Udinese
66%
Venezia
64%
Parma
57%
Côme
56%
Hellas Verone
56%
Cagliari
53%
AC Monza
50%
Empoli
47%
US Lecce
41%
Aucun quiz correspondant
Distribution des résultats
% des personnes avec chaque résultat
Percentile par nombre de réponses
Votre historique - résultats
Vous n’avez pas pris ce quiz